Can You Name Every TOGO Coaster to Ever Exist In North America? - Statistics

General Stats
  • This quiz has been taken 19 times
  • The average score is 6 of 8
Answer Stats
Parks that had one of theses masterpieces The Best Coasters Ever Made % Correct
New York New York Hotel And Casino Big Apple Coaster
93%
Six Flags Great Adventure Ultra Twister
80%
Six Flags Astroworld Ultra Twister
80%
Kings Dominion Shockwave
73%
Kings Island King Cobra
67%
Canada's Wonderland Skyrider
60%
Six Flags Great Adventure Viper
60%
Knott's Berry Farm Windjammer Surf Racers
60%
No matching quizzes found
Score Distribution
Percent of People with Each Score
Percentile by Number Answered
Your Score History
You have not taken this quiz